Préfectures de France : Angoulême - Statistiques

Statistiques générales
  • Ce quiz a été pris 69 fois
  • Le résultat moyen est 13 sur 27
Statistiques - réponses
Question Réponse % Correct
Quel numéro porte celui-ci ? 16
100%
De quel département est-ce la préfecture ? Charente
100%
La ville appartient à l'académie de Poitiers
89%
Comment se nomment ses habitants ? Angoumoisins | Angoumoisines
84%
Les journaux locaux sont La Charente {libre}
84%
A quelle région administrative appartient la ville depuis 2015 ? Nouvelle Aquitaine
84%
Les journaux locaux sont Sud-{Ouest}
84%
Chaque année s'y déroule un festival consacré à la {Bande dessinée}
77%
Quelles sont les sous-préfectures qui en dépendent ? Cognac
74%
A quelle région administrative appartenait-elle auparavant ? Poitou-Charente
67%
La couleur de fond de son blason est le/l' bleu
57%
La ville est desservie par les nationales 10
54%
Les communes limitrophes au sud sont La Couronne
54%
Quelles sont les sous-préfectures qui en dépendent ? Confolens
44%
La ville appartient au diocèse de/d' Angoulême
43%
La cathédrale est dédiée à St {Pierre}
43%
La ville est desservie par les nationales 141
28%
La ville est située au confluent de la Charente et de la {Touvre}
28%
Les communes limitrophes au sud sont Puymoyen
20%
L'aéroport est situé à Brie-Champniers
15%
La ville est située au confluent de la Charente et de et de l'{Anguienne}
13%
La ville est surnommée le {balcon} du sud-ouest
10%
Les communes limitrophes au sud sont Dirac
10%
Ville européenne jumelée avec la ville (6 possible) Bury | Chaves | Guelendjik | Hildesheim | Turda | Vitoria Gasteiz
8%
La principale gare a été mise en service en 1852
7%
Ville non européenne jumelée avec la ville (3 possible) Chicoutimi | Hoffman Estates | Ségou
5%
La ville est desservie par un train rapide, le {LGV} Sud Europe {Atlantique}
5%
Aucun quiz correspondant
Distribution des résultats
% des personnes avec chaque résultat
Percentile par nombre de réponses
Votre historique - résultats
Vous n’avez pas pris ce quiz